000 00608nam a2200205Ia 4500
005 20250508152807.0
008 008 250505s9999 xx 000 0 eng d
037 _aTextual
040 _aFEDL
_beng
_cFEDL
041 _aeng
_2eng
084 _a341.13, COH
_qFEDL
100 _aCohen Benjamin V.
245 0 _aUnited nations : Constitutional developments growth, and possibilities
260 _aCambridge
_bHarvard University Press
_c1961
300 _a106p.
490 _aOliver wendell holmes lectures
650 _aLaw
942 _cTEXL
_h341.13, COH
999 _c1338796
_d1338796